Tribhuvan University Central Library
Normal view MARC view
  • Walter, Gordon A., 1943-

Entry Personal Name

Number of records used in: 1

001 - CONTROL NUMBER

  • control field: 5665

003 - CONTROL NUMBER IDENTIFIER

  • control field: OSt

005 - DATE AND TIME OF LATEST TRANSACTION

  • control field: 20101220114534.0

008 - FIXED-LENGTH DATA ELEMENTS

  • fixed length control field: 101220|||a|||||| | ||| d

040 ## - CATALOGING SOURCE

  • Original cataloging agency: OSt
  • Transcribing agency: OSt

100 ## - HEADING--PERSONAL NAME

  • Personal name: Walter, Gordon A., 1943-

670 ## - SOURCE DATA FOUND

  • Source citation: Work cat.: (OSt): Walter, Gordon A., 1943-, Teaching materials for credit union promotion :, c1981.

670 ## - SOURCE DATA FOUND

  • Source citation: Work cat.: (OSt): Walter, Gordon A., 1943-, Teaching materials for credit union promotion :, c1981.